Comparison of celery cabbage varieties ( Brassica chinensis L) at kbal koh vegetable research station; ការប្រៀបធៀបពូជដំណាំស្ពៃចង្កឹះនៅស្ថានីយ៍ពិសោធន៍ពូជបន្លៃក្បាលកោះ (Record no. 10404)

000 -LEADER
fixed length control field 00675nam a22001577a 4500
003 - CONTROL NUMBER IDENTIFIER
control field OSt
005 - DATE AND TIME OF LATEST TRANSACTION
control field 20161021134352.0
008 - FIXED-LENGTH DATA ELEMENTS--GENERAL INFORMATION
fixed length control field 161021b xxu||||| |||| 00| 0 eng d
040 ## - CATALOGING SOURCE
Transcribing agency RUA
082 ## - DEWEY DECIMAL CLASSIFICATION NUMBER
Classification number AGR HOE 2015 B475 Or.1
100 ## - MAIN ENTRY--PERSONAL NAME
9 (RLIN) 10811
Personal name HOEUY TOENG; ហឿយ ទឹង
245 ## - TITLE STATEMENT
Title Comparison of celery cabbage varieties ( Brassica chinensis L) at kbal koh vegetable research station; ការប្រៀបធៀបពូជដំណាំស្ពៃចង្កឹះនៅស្ថានីយ៍ពិសោធន៍ពូជបន្លៃក្បាលកោះ
260 ## - PUBLICATION, DISTRIBUTION, ETC. (IMPRINT)
Place of publication, distribution, etc. Phnom Penh
Name of publisher, distributor, etc. RUA
Date of publication, distribution, etc. 2015
300 ## - PHYSICAL DESCRIPTION
Extent xi; 45p;
Other physical details ill;
Dimensions 29cm;
942 ## - ADDED ENTRY ELEMENTS (KOHA)
Source of classification or shelving scheme
Koha item type AGR
Holdings
Price effective from Date last seen Permanent Location Not for loan Date acquired Source of classification or shelving scheme Koha item type Lost status Withdrawn status Total Renewals Date last checked out Total Checkouts Shelving location Damaged status Barcode Current Location Full call number
2016-10-212017-09-25Library Block B 2016-10-21 AGR   2017-08-033B475 A02177Library Block BAGR HOE 2015 B475 Or.1
2016-10-212019-11-27Library Block B 2016-10-21 AGR   2019-11-181B475 A02742Library Block BAGR HOE 2015 B475 Or.2
2016-10-212020-06-29Library Block B 2016-10-21 AGR   2020-06-262B475 A02190Library Block BAGR HOE 2015 B475 Or.3
2016-10-212016-10-21Library Block B 2016-10-21 AGR     B475 A02092Library Block BAGR HOE 2015 B475 Or.4
2016-10-212019-03-04Library Block B 2016-10-21 AGR  12019-01-222B475 A02242Library Block BAGR HOE 2015 B475 Or.5
2016-10-212019-08-06Library Block B 2016-10-21 AGR   2019-08-026B475 A01747Library Block BAGR HOE 2015 B475 Or.6
2016-10-212020-03-09Library Block B 2016-10-21 AGR   2020-02-241B475 A02707Library Block BAGR HOE 2015 B475 Or.7
2016-10-212018-12-04Library Block B 2016-10-21 AGR   2018-11-202B475 A01662Library Block BAGR HOE 2015 B475 Or.8
2021-09-282021-09-28Library Block B 2021-09-28 AGR     B691 A065924Library Block BAGR HOE 2015 B691 Or.1
2021-12-172021-12-17Library Block B 2021-12-17 AGR     B043 a066278Library Block BAGR HOE 2015 B043 Or.1
មជ្ឈមណ្ឌលឯការនៃសាកលវិទ្យាល័យភូមិន្ទកសិកម្មចំការដូង

Powered by Koha